| 000 | 006450000a22001810004500 | ||
|---|---|---|---|
| 003 | MACL | ||
| 005 | 20160421153808.0 | ||
| 008 | 160421b xxu||||| |||| 00| 0 eng d | ||
| 040 |
_aMACL _cMACL |
||
| 041 | _aHindi | ||
| 082 | _a796 | ||
| 100 |
_aडॉ अभयकुमार श्रीवास्तव _952320 |
||
| 245 | _aशारीरिक शिक्षा खेल में संगठन एवं प्रशासन | ||
| 260 |
_bस्पोर्टस पब्लिकेशन्स _c2004 _aदिल्ली |
||
| 350 | _a425 | ||
| 650 |
_aOutdoor Sports& Game _91577 |
||
| 942 |
_cHIN _k796 _2ddc |
||
| 999 |
_c10568 _d10568 |
||